000 00503nam a2200193 a 4500
001 1770887830252
003 YourLibrary
005 20260212145306.0
008 260212s2004##################000#0#eng##
020 _a9780415303682
082 0 4 _a307.12
_bCOO
100 1 _aCooke, Philip N.,
_eauthor.
245 1 0 _aRegional Innovation Systems :
260 _bPsychology Press,
_c2004.
300 _a468 pages
650 0 _aArchitecture.
942 _cENGLISH
040 _aYourLibrary
_beng
_cYourLibrary
999 _c611937
_d611937